000 00292nam a22001337a 4500
008 170922b xxu||||| |||| 00| 0 eng d
020 _a9780814123751
041 _aeng
080 _a37
100 _a46
101 _aEDU
245 _aINVENTING A DISCIPLINE
_cGOGGIN, M.D
942 _2udc
_cBK
999 _c28978
_d28978